| 000 | 00956nam a22001937a 4500 | ||
|---|---|---|---|
| 003 | JO-AjAnu | ||
| 005 | 20250715051002.0 | ||
| 008 | 250715b jo ||||| |||| 00| 0 ara d | ||
| 040 |
_aANU _cJO-AjAnu |
||
| 041 | _hARA | ||
| 100 |
_aالمومني، يحيى منتصر محمد _eمعد _966576 |
||
| 245 |
_aالاستغلال الجنسي للأطفال في البيئة الرقمية = Sexual Exploitation of Children in the Digital Environment _c / إعداد يحيى منتصر محمد المومني ؛ اشراف هاشم احمد بلص |
||
| 260 | _c2025 | ||
| 300 | _a133 ورقة | ||
| 500 | _aرسالة جامعية (رسالة ماجستير في القانون) - جامعة عجلون الوطنية (الاردن-عجلون) - كلية الحقوق ، 2025 | ||
| 650 | _vالاستغلال الجنسي للأطفال-قوانين وتشريعات | ||
| 700 |
_aبلص، هاشم احمد _eمشرف _966044 |
||
| 942 |
_2lcc _cTHS _n0 |
||
| 999 |
_c33935 _d33935 |
||